| 000 | 00490nam a22001697a 4500 | ||
|---|---|---|---|
| 005 | 20260226093757.0 | ||
| 008 | 260226b |||||||| |||| 00| 0 eng d | ||
| 020 | _a9781032911878 (pbk) | ||
| 040 | _cPK-LaUMT | ||
| 082 |
_a658.406 _bBER-Y |
||
| 100 |
_aBergmans, Gas _99514 |
||
| 245 |
_aYour turn-a CEO's guide to leading a business turnaround / _cby Gas Bergmans |
||
| 260 |
_aNew York : _bRoutledge, _c2026 |
||
| 300 | _a238 p. | ||
| 650 |
_aCorporate turnarounds _99516 |
||
| 942 | _cBK | ||
| 999 |
_c139910 _d139910 |
||